Ryde on rating : The law and practice
| Main Author: | |
|---|---|
| Other Authors: | , |
| Format: | Book |
| Published: |
London :
Butterworth ,
1976
|
| Subjects: |
MARC
| LEADER | 00000cam a2200000 7i4500 | ||
|---|---|---|---|
| 001 | 0000005509 | ||
| 005 | 20050628.0 | ||
| 040 | |a INS | ||
| 090 | 0 | 0 | |a KD83 |b P8R97 1976 |
| 100 | 1 | |a Widdicombe, David | |
| 245 | 1 | 0 | |a Ryde on rating : |b The law and practice |c David Widdicombe |
| 260 | |a London : |b Butterworth , |c 1976 | ||
| 300 | |a xxivp : |b 1454p ; |c 25cm. | ||
| 650 | 0 | 0 | |a Law |x Practice |
| 700 | 1 | |a Anderson, Antony | |
| 700 | 1 | |a Eve, David Trustram | |
| 999 | |a 0000000144 |b BOOK |c Reference |e Default branch | ||